Đang tải...

Dylan Thomasinte ganam /

Chi tiết về thư mục
Tác giả chính: Unnikrishnan Puthoor
Định dạng: Printed Book
Ngôn ngữ:Malayalam
Được phát hành: Sahitya Pravarthaka Sahakarana Sangam , 1961.
Những chủ đề:
LEADER 00531nam a2200157Ia 4500
008 150624b xxu||||| |||| 00| f mal d
082 |a 853.3U2 
100 |a Unnikrishnan Puthoor 
245 |c Unnikrishnan Puthoor  |a Dylan Thomasinte ganam / 
260 |b Sahitya Pravarthaka Sahakarana Sangam ,  |c 1961. 
300 |a 161 p. 
546 |a In Malayalam. 
650 |v Novel 
942 |c BK 
999 |c 72378  |d 72378 
952 |0 1  |1 0  |4 0  |6 853_000000000000000_3U2_DYL_M  |7 0  |9 72324  |a UL  |b UL  |c ST1  |d 1998-09-15  |l 0  |o 853.3U2 DYL M  |p 6501  |r 2012-10-27  |w 2012-10-27  |y BK